| 000 | 00712cab a2200265 4500 | ||
|---|---|---|---|
| 001 | WB3212-52 | ||
| 008 | 090401t1996 xxu||||| |||| 00| 0 eng d | ||
| 035 | _a(Sirsi) u56786 | ||
| 041 | _aeng | ||
| 245 | _aLand prices `set to rise` | ||
| 260 | _c1996 | ||
| 350 | _a0 | ||
| 490 |
_aScotsman _v14 March 1996, 24 |
||
| 490 |
_aHerald _v14 March 1996, 27(2) |
||
| 520 | _aLand prices in Scotland are set to rise by another 10% this year, but values are still 40% behind those of 1979. | ||
| 650 | _aFARMLAND | ||
| 650 | _aGROWTH | ||
| 650 | _aLABOUR GOVERNMENT | ||
| 650 | _aLAND PRICES | ||
| 650 | _aSCOTLAND | ||
| 690 | _aLAND | ||
| 690 | _aRURAL PRACTICE | ||
| 942 | _n0 | ||
| 948 | _c04/03/1997 | ||
| 999 |
_c34663 _d34663 |
||